1708 1647 1973 1076 1642 1504 1560 1344 1348 1938 1672 1974 1014 1647 1430 1201 1054 1732 1887 1405 1627 1581 1707 1752 1552 1496 1539 1407 1765 1746 1956 1333 1794 1037 1875 1210 1351 1688 1715 1112 1127 1490 1078 1221 1952 1039 1914 1918 1438 1388 1396 1814 1389 1805 1941 1371 1526 1736 1760 1449 1924 1619 1861 1545 1490 1611 1532 1634 1926 1025 1356 1935 1258 1488 1628 1730 1424 1389 1884 1583 1868 1261 1617 1321 1335 1409 1744 1574 1014 1019 1998 1194 1097 1706 1517 1355 1482 1784 1512 BCNSPRNW ULIB Ver.6.0+V

เปลี่ยนเป็นภาษาไทย

Change to English
 แสดงรายละเอียดบรรณานุกรม
  กลับหน้าหลัก

Brief Record : Get Marc (ISO 2709) : E-mail record : QR code < ปิดหน้าต่าง
LEADER : 00000nam 2200000uu 4500
001    13399126345
003     ULIB
008    180910s2559||||th 000 0 tha d
020    ^a9789740335320
050 04 ^aH62^bภ114ก
100 0  ^aภัทราพร เกษสังข์
245 10 ^aการวิจัยปฏิบัติการ /^cภัทราพร เกษสังข์
246 31 ^aAction research
260    ^aกรุงเทพฯ :^bสำนักพิมพ์แห่งจุฬาลงกรณ์มหาวิทยาลัย,^c2559
300    ^a301 หน้า :^bแผนภูมิ ;^c26 ซม.
650  4 ^aวิจัย
650  4 ^aวิจัยปฏิบัติการ
945    ^p340^l0^i004567
945    ^p340^l0^i004566
945    ^p340^l0^i004568
999    ^aประนอม เกษจรัล
รายการนี้ยังไม่มีแท็ก
คุณยังไม่ได้ล็อกอิน คุณสามารถมีกิจกรรมร่วมกับเว็บไซต์ได้ แต่ต้องล็อกอินก่อน ::
  ล็อกอิน

รายการสื่อสารสนเทศ

ลำดับที่ ประเภท เลขเรียก/บาร์โค้ด สถานที่ สถานะ
1. การศึกษาทั่วไป
หนังสือสำรอง
สถานะ=หนังสือสำรอง
H62 ภ114ก ฉ.1 
  Barcode: 004566
ห้องสมุดวิทยาเขตสวรรค์ประชารักษ์
►หนังสือทั่วไป
บนชั้น
2. การศึกษาทั่วไป
การศึกษาทั่วไป
H62 ภ114ก ฉ.2 
  Barcode: 004567
ห้องสมุดวิทยาเขตสวรรค์ประชารักษ์
►หนังสือทั่วไป
บนชั้น
3. การศึกษาทั่วไป
การศึกษาทั่วไป
H62 ภ114ก ฉ.3 
  Barcode: 004568
ห้องสมุดวิทยาเขตสวรรค์ประชารักษ์
►หนังสือทั่วไป
บนชั้น

รายการใกล้เคียง
    ผู้แต่ง [ภัทราพร เกษสังข์]

    หัวเรื่อง [วิจัย]
    หัวเรื่อง [วิจัยปฏิบัติการ]

BibComment


ยังไม่เคยถูกคอมเมนท์

คอมเมนท์ทรัพยากรรายการนี้
  คอมเมนท์: การวิจัยปฏิบัติก..


 Copyright 2026. Bcnsprnw @Library